Le synode africain, dix ans après (notice n° 1620720)
[ vue normale ]
| 000 -LEADER | |
|---|---|
| fixed length control field | 01985cam a2200169 4500500 |
| 005 - DATE AND TIME OF LATEST TRANSACTION | |
| control field | 20260111091235.0 |
| 041 ## - LANGUAGE CODE | |
| Language code of text/sound track or separate title | fre |
| 042 ## - AUTHENTICATION CODE | |
| Authentication code | dc |
| 100 10 - MAIN ENTRY--PERSONAL NAME | |
| Personal name | Ramazani Bishwende, Augustin |
| Relator term | author |
| 245 00 - TITLE STATEMENT | |
| Title | Le synode africain, dix ans après |
| 260 ## - PUBLICATION, DISTRIBUTION, ETC. | |
| Date of publication, distribution, etc. | 2005.<br/> |
| 500 ## - GENERAL NOTE | |
| General note | 90 |
| 520 ## - SUMMARY, ETC. | |
| Summary, etc. | Dix ans après le Synode africain de 1994, le pape Jean-Paul II avait annoncé un nouveau synode pour les Églises d’Afrique. Benoît XVI vient de réitérer le même appel : il souhaite un rassemblement synodal des évêques d’Afrique. Quelle est l’actualité théologique et pastorale du Synode africain de 1994, dix ans après sa tenue ? Quelles sont les questions pertinentes hypothéquant l’avenir des Églises africaines, soulevées par les évêques africains et que Rome semble déconsidérer ? Quels sont les défis lancés aux Églises africaines ? Celles-ci ont-elles encore besoin d’un rassemblement synodal ou d’un autre rassemblement plus important, « œcuménique », « universel », et pourquoi pas conciliaire ? |
| 520 ## - SUMMARY, ETC. | |
| Summary, etc. | Ten years after the African Synod (1994), John Paul II had announced a new Synod for the African Churches. The project has now been approved by Benedict XVI. The A. considers the theological and pastoral relevance of the first Synod ; he pinpoints the questions which, in his view, are most important for the future of the African Churches, questions which have been repeatedly raised by the African bishops and which Rome has perhaps not yet sufficiently attended to. What are the challenges faced by the African Churches ? Are those Churches still in need of a Synod ? Would not a more important gathering be called for ? Could it not be an ecumenical, universal, and — why not — conciliar assembly ? |
| 786 0# - DATA SOURCE ENTRY | |
| Note | Nouvelle revue théologique | 127 | 4 | 2005-12-15 | p. 541-556 | 0029-4845 |
| 856 41 - ELECTRONIC LOCATION AND ACCESS | |
| Uniform Resource Identifier | <a href="https://shs.cairn.info/revue-nouvelle-revue-theologique-2005-4-page-541?lang=fr&redirect-ssocas=7080">https://shs.cairn.info/revue-nouvelle-revue-theologique-2005-4-page-541?lang=fr&redirect-ssocas=7080</a> |
Pas d'exemplaire disponible.




Réseaux sociaux